Royal palaces, residences and pavilions of India : an iconographic consideration (Record no. 7159)

MARC details
000 -LEADER
fixed length control field 00534 a2200181 4500
001 - CONTROL NUMBER
control field 132814
003 - CONTROL NUMBER IDENTIFIER
control field OSt
005 - DATE AND TIME OF LATEST TRANSACTION
control field 20220225121046.0
008 - FIXED-LENGTH DATA ELEMENTS--GENERAL INFORMATION
fixed length control field
020 ## - INTERNATIONAL STANDARD BOOK NUMBER
International Standard Book Number 812403561
082 ## - DEWEY DECIMAL CLASSIFICATION NUMBER
Classification number 725.1709542
Item number B88R
100 ## - MAIN ENTRY--PERSONAL NAME
Personal name Bunce, Fredrick W
245 1# - TITLE STATEMENT
Title Royal palaces, residences and pavilions of India : an iconographic consideration
Statement of responsibility, etc by Fredrick W Bunce
260 ## - PUBLICATION, DISTRIBUTION, ETC. (IMPRINT)
Place of publication, distribution, etc New Delhi
Name of publisher, distributor, etc D.K. Printworld
Date of publication, distribution, etc 2006
300 ## - PHYSICAL DESCRIPTION
Extent 342p.
690 ## - LOCAL SUBJECT ADDED ENTRY--TOPICAL TERM (OCLC, RLIN)
Topical term or geographic name as entry element Royal palaces-India; Indian Architecture
942 ## - ADDED ENTRY ELEMENTS (KOHA)
Source of classification or shelving scheme Dewey Decimal Classification
Koha item type Books
Holdings
Withdrawn status Lost status Source of classification or shelving scheme Damaged status Not for loan Collection code Home library Current library Date acquired Source of acquisition Total Checkouts Full call number Barcode Date last seen Date checked out Price effective from Koha item type
    Dewey Decimal Classification     General Text Book Central University Of Rajasthan Central University Of Rajasthan 11/07/2012 ARC 1 725.1709542 B88R 10444 03/06/2026 19/05/2026 02/09/2020 Books